Enter a murderer
Saved in:
| Hovedforfatter: | |
|---|---|
| Format: | Bog |
| Sprog: | engelsk |
| Tags: |
Ingen Tags, Vær først til at tagge denne postø!
|
MARC
| LEADER | 00000nam a2200000 4500 | ||
|---|---|---|---|
| 005 | 20240724173332.0 | ||
| 008 | 240724b |||||||| |||| 00| 0 eng d | ||
| 040 | |c GP | ||
| 100 | |a Marsh, Ngaio | ||
| 245 | |a Enter a murderer | ||
| 942 | |2 ddc |c BK |n 0 | ||
| 952 | |0 0 |1 0 |2 ddc |4 0 |6 810_000000000000000_MAR |7 1 |9 1720 |a RM |b RM |d 2024-07-24 |l 0 |o 810 MAR |p 497 |r 2024-07-24 17:33:50 |w 2024-07-24 |y BK | ||
| 999 | |c 1533 |d 1533 | ||